000
00245nam a22001097a 4500
020
_a
9780761148579
082
_a
610
100
_a
MURKOFF, HEIDI
245
_a
WHAT TO EXPECT WHEN YOU'RE EXPECTING - PREGNANCY BOOK
300
_a
614P
942
_c
BK
999
_c
6976
_d
6976